000 004280000a22001570004500
041 0 _aENG
082 0 4 _aG 266 W3232f
245 1 0 _aThe family and its christian fulfilment /
260 _aNew York, N.Y., USA : Foreing Missions Conference of North America
300 _a178 Pag
001 7298
942 _cBK
999 _c37514
_d37514
336 _atexto
_btxt
_2rdacontent
337 _2rdamedia
_asin mediación
_bn
338 _2rdacarrier
_avolumen
_bnc